000 00883nam a2200277Ia 4500
003 GCL
008 140319s9999 xx 000 0 ara d
040 _aGCL /
_cGCL
082 0 4 _a246.1
_bع ش
100 1 _aعبدالجابر احمد على
245 1 0 _aشرح الاصول الخمسة /
_cعبدالجابر احمد على
700 1 _aاحمد بن الحسين بن ابى هاشم
700 1 _aعبدالكريم عثمان
260 _a[S.N] :
_bمكتبة وهبة ،
_c1988
300 _a829 ص
490 _a
650 0 4 _aالفلسفة الاسلامية
650 0 4 _aالحركات الفكرية عند المسلمين
650 0 4 _aالتوحيد
650 0 4 _aالايمان
650 0 4 _aالمعتزلة
650 0 4 _aالعدل
650 0 4 _aعلم الكلام
650 0 4 _aالفقه الاسلامى، اصول
942 _2ddc
_cBK
999 _c37196
_d37196